000 00945nam a2200241 a 4500
001 000024906
005 20260116105540.0
008 100712s1998 ck 000 | spa d
020 _a9789582810382
040 _aDO-SdBNP
_bspa
_cBNPHU
082 _a158.1
_bxxxxx
100 1 _aMoreno Cano, Óscar
_951137
245 1 0 _aCómo sobrevivir sin empleo y triunfar /
_cÓscar Moreno Cano ; edición Gustavo Mauricio García Arenas ; prólogo Luis Carlos Villegas Echeverri.
260 _aSanta Fe de Bogotá :
_bIntermedio,
_c1998.
300 _a190 p. ;
_c21 cm.
500 _aSi está desempleado o aburrido con su empleo, la solución está en sus manos
650 0 _aPsicología aplicada
_91579
650 4 _aAutoayuda y superación
_913110
650 0 _aAutoestima
_9212
650 4 _aSeguridad (psicología)
_928001
700 1 _aGarcía Arenas , Gustavo Mauricio,
_eed.
_951138
700 1 _aVillegas Echeverri, Luis Carlos,
_epról.
_951139
999 _c24399
_d24399